Lágrimas negras / (Registro nro. 10891)

Detalles MARC
000 -LIDER
fixed length control field 01495ngm a2200373Ic 4500
001 - NÚMERO DE CONTROL
Identificador de número de control a5366
003 - IDENTIFICACDOR DE NÚMERO DE CONTROL
control field DO-SdBNP
005 - DATE AND TIME OF LATEST TRANSACTION
control field 20160715091000.0
007 - CAMPOS FIJOS DE DESCRIPCIÓN FÍSICA
fixed length control field a5366
008 - ELEMENTOS DE LONGITUD FIJA
fixed length control field 130618s2011 mx g vlspa
015 ## - NÚMERO DENTRO DE LA BIBLIOGRAFÍA NACIONAL
National bibliography number
017 ## - NÚMERO DE REGISTRO DE DERECHOS DE AUTOR
Copyright or legal deposit number
Assigning agency
020 ## - ISBN
International Standard Book Number 9789705802034
035 ## - NÚMERO LOCAL
System control number
040 ## - FUENTE DE CATALOGACIÓN
Agencia que crea de manera original el registro BPMSU
Idioma de catalogación spa
Agencia que realiza la transcripción BPMSU
Convenciones de la despripción
084 ## - OTRO NÚMERO DE CLASIFICACIÓN
Classification number
Number source
100 ## - ASIENTO PRINCIPAL -- NOMBRE PERSONAL
Nombre personal Iturralde, Edma
245 10 - MENCIÓN DE TITULO
Título Lágrimas negras /
Mención de responsabilidad Edna Iturralde ; ilustraciones Díaz Consuegra
260 ## - PUBLICACIÓN, DISTRIBUCIÓN, ETC. (PIE DE IMPRENTA)
Lugar de publicación, distribución, etc México :
Nombre del editor, distribuidor, etc. Alfaguara,
Fecha de publicación, distribución, etc 2011
300 ## - DESCRIPCIÓN FÍSICA
Extensión 130 p. :
Otros detalles físicos il. ;
Dimensiones 21 cm.
490 ## - MENCIÓN DE SERIES
Mención de serie Alfaguara juvenil
500 ## - NOTA GENERAL
Nota general Reimpresión 2011
511 1# - PARTICIPANT OR PERFORMER NOTE
Participant or performer note Ariadna Gil, Fele Martínez, Elena Anaya, Ana Risueño, Elvira Mínguez
518 ## - DATE/TIME AND PLACE OF AN EVENT NOTE
Date/time and place of an event note Largometraje realizado en 1998 en España
520 3# - RESUMEN, ETC.
Nota de resumen, etc. Mientras regresa a casa, después de despedirse de su novia, Andrés es atracado por dos mujeres. Cuando, algún tiempo después, se encuentra con una de ellas, una joven desequilibrada de familia acomodada, surge en Andrés una obsesión incontrolable que imprime a su vida un giro inesperado que lo conducirá a abandonar todo cuanto posee
521 ## - TARGET AUDIENCE NOTE
Target audience note No recomendada a menores de 18 años
586 ## - AWARDS NOTE
Awards note Galardonada en la Seminci (1998)
655 #7 - INDEX TERM--GENRE/FORM
Genre/form data or focus term Drama cinematográfico
Geographic subdivision España
Source of term tgfbne
700 ## - ASIENTO SECUNDARIO -- NOMBRE PERSONAL
Nombre personal Consuegra, Díaz
Mención de responsabilidad il.
711 2# - ASIENTO SECUNDARIO -- NOMBRE DE REUNIÓN
Nombre de reunión o jurisdicción como elemento de entrada Semana Internacional de Cine de Valladolid
Número de la parte, sección o reunión 43ª
Fecha de la reunión o acuerdo 1998
830 ## - ASIENTO SECUNDARIO DE SERIE--TÍTULO UNIFORME
Título uniforme Alfaguara juvenil
942 ## - ADDED ENTRY ELEMENTS (KOHA)
Source of classification or shelving scheme Dewey Decimal Classification
Koha item type Libros
956 ## - LOCAL ELECTRONIC LOCATION AND ACCESS (OCLC)
Nombre de host VMATEO
Número de acceso 10
Información de compresión 20160715
Trayectoria BPMSU
Nombre Electrónico 00069
Existencias
Withdrawn status Lost status Source of classification or shelving scheme Damaged status Not for loan Collection code Home library Current library Date acquired Source of acquisition Total Checkouts Barcode Date last seen Price effective from Koha item type
    Dewey Decimal Classification       Biblioteca Pública Metropolitana Salomé Ureña Biblioteca Pública Metropolitana Salomé Ureña 07/15/2016 ALFAGUARA   BPMET16070482 07/15/2016 07/15/2016 Libros